Statistics for The Madrid Derby all-time top scorers

Click here to take the quiz!

General Stats

  • This quiz has been taken 232 times
  • The average score is 3 of 5

Answer Stats

RankNationalityGoals% Correct
1Portugal22Cristiano Ronaldo
100%
5Hungary13Ferenc Puskas
85%
3Spain15Raul
71%
2Argentina17Alfredo Di Stefano
11%
4Spain15Santillana
10%

Score Distribution

Percentile by Number Answered

Percent of People with Each Score

Your Score History

You have not taken this quiz